[Event "Summer Prague Open 2021 - A"]
[Site "?"]
[Date "2021.08.08"]
[Round "3.11"]
[White "Jurcik, Marian"]
[Black "Gramb, Marius"]
[Result "1-0"]
[WhiteElo "2419"]
[BlackElo "2150"]
[PlyCount "81"]
[EventDate "2021.??.??"]
[WhiteClock "0:00:35"]
[BlackClock "0:00:53"]

1. e4 c6 2. d4 d5 3. e5 Bf5 4. h4 Qc7 5. Nc3 h5 6. Bd3 Bxd3 7. cxd3 e6 8. Nf3
Nd7 9. O-O a6 10. Bg5 Nh6 11. Qd2 Rc8 12. Rac1 Qb8 13. Ne2 Nf5 14. Ng3 g6 15.
b4 Bg7 16. Nxf5 gxf5 17. a4 b6 18. Rc3 Bf8 19. Qc2 Qb7 20. Rc1 Nb8 21. b5 c5
22. Bf6 Rg8 23. Ng5 Nd7 24. Qe2 Rg6 25. dxc5 bxc5 26. d4 c4 27. Nxe6 Nxf6 28.
exf6 fxe6 29. Qxe6+ Kd8 30. Re3 Qd7 31. Qxa6 f4 32. Re7 Rxg2+ 33. Kxg2 Bxe7 34.
fxe7+ Qxe7 35. Qg6 Qe4+ 36. Qxe4 dxe4 37. a5 Rc7 38. a6 Kc8 39. d5 Kb8 40. d6
Rc5 41. d7 1-0

[Event "Summer Prague Open 2021 - A"]
[Site "?"]
[Date "2021.08.08"]
[Round "3.12"]
[White "Hajiyev, Kanan"]
[Black "Neuman, Petr"]
[Result "1/2-1/2"]
[WhiteElo "2124"]
[BlackElo "2402"]
[PlyCount "55"]
[EventDate "2021.??.??"]
[WhiteClock "0:06:53"]
[BlackClock "0:02:36"]

1. d4 b6 2. Nf3 Bb7 3. g3 e6 4. Bg2 f5 5. O-O Nf6 6. c4 Be7 7. d5 Qc8 8. Nc3
O-O 9. Nd4 c5 10. Nf3 Re8 11. Qd3 g6 12. Bg5 exd5 13. cxd5 d6 14. Rfe1 Na6 15.
e4 Nb4 16. Qd2 Nxe4 17. Nxe4 fxe4 18. Rxe4 Bf8 19. Rxe8 Qxe8 20. a3 Na6 21. Bh6
Nc7 22. Bxf8 Qxf8 23. Ng5 Re8 24. h4 Qe7 25. Bf3 Qe5 26. Rd1 Nb5 27. Ne6 Re7
28. a4 1/2-1/2

[Event "Summer Prague Open 2021 - A"]
[Site "?"]
[Date "2021.08.08"]
[Round "3.13"]
[White "Finek, Vaclav"]
[Black "Bub, Volker"]
[Result "1-0"]
[WhiteElo "2372"]
[BlackElo "2074"]
[PlyCount "81"]
[EventDate "2021.??.??"]
[WhiteClock "0:03:51"]
[BlackClock "0:10:31"]

1. Nf3 Nf6 2. c4 g6 3. g3 Bg7 4. Bg2 O-O 5. O-O d6 6. d4 Nc6 7. Nc3 a6 8. Bf4
Bf5 9. Rc1 Ne4 10. Nd5 Nf6 11. Re1 Nh5 12. Bg5 h6 13. Be3 g5 14. Qd2 e6 15. Nc3
Bg6 16. h4 f6 17. g4 Nf4 18. Bxf4 gxf4 19. d5 f5 20. gxf5 Bxf5 21. dxc6 bxc6
22. Qxf4 Rb8 23. b3 e5 24. Qg3 Kh8 25. e4 Be6 26. Nd1 Rf4 27. Nd4 Bd7 28. Nf5
Bxf5 29. exf5 Bf6 30. Qg6 Rxh4 31. Re4 Qf8 32. Rxh4 Bxh4 33. Rc3 Bg5 34. Rh3
Qg7 35. Qxg7+ Kxg7 36. Bxc6 Kf6 37. Be4 Bf4 38. Kf1 Rb6 39. Nc3 c6 40. Rd3 Ke7
41. Na4 1-0

[Event "Summer Prague Open 2021 - A"]
[Site "?"]
[Date "2021.08.08"]
[Round "3.14"]
[White "Hrabusa, Matej"]
[Black "Witte, Ronald"]
[Result "1-0"]
[WhiteElo "2350"]
[BlackElo "2049"]
[PlyCount "60"]
[EventDate "2021.??.??"]
[WhiteClock "0:30:28"]
[BlackClock "0:13:45"]

1. e4 c5 2. Nf3 Nc6 3. Bb5 e5 4. O-O Bd6 5. c3 a6 6. Ba4 b5 7. Bc2 Bb7 8. d3
Nf6 9. Nh4 O-O 10. Nf5 Bc7 11. Bg5 Kh8 12. Qf3 d6 13. Bb3 Nb8 14. Qg3 g6 15.
Qh4 Nbd7 16. Nh6 Qe7 17. f4 Bd8 18. Ng4 c4 19. fxe5 Qe6 20. Rxf6 Nxf6 21. Bxf6+
Bxf6 22. Nxf6 h5 23. Qg5 Kg7 24. Nxh5+ Kh7 25. Nf6+ Kg7 26. Ng4 dxe5 27. dxc4
bxc4 28. Bxc4 Qb6+ 29. Kh1 Rad8 30. Nd2 Rh8 1-0

[Event "Summer Prague Open 2021 - A"]
[Site "Olympik hotel, Sokolovska 138,"]
[Date "2021.08.08"]
[Round "3.15"]
[White "Kvaloy, Aksel Bu"]
[Black "Mladek, Richard"]
[Result "1/2-1/2"]
[WhiteElo "2126"]
[BlackElo "2315"]
[PlyCount "59"]
[EventDate "2021.08.06"]

1. e4 c5 2. Nf3 Nc6 3. Bb5 g6 4. O-O Bg7 5. c3 e5 6. d4 cxd4 7. cxd4 exd4 8.
Bf4 a6 9. Ba4 Nge7 10. Bd6 b5 11. Bb3 Bb7 12. Ng5 O-O 13. f4 h6 14. Nxf7 Rxf7
15. f5 gxf5 16. exf5 Bf6 17. Qg4+ Kf8 18. Qg6 Qe8 19. Nd2 Na5 20. Rae1 Nxb3 21.
axb3 d3 22. Rf4 Qd8 23. Rg4 Qb6+ 24. Kf1 Qxd6 25. Qxh6+ Rg7 26. Rxg7 Ng8 27.
Rxg8+ Kxg8 28. Qg6+ Kf8 29. Qh6+ Kg8 30. Qg6+ 1/2-1/2

[Event "Summer Prague Open 2021 - A"]
[Site "Olympik hotel, Sokolovska 138,"]
[Date "2021.08.08"]
[Round "3.16"]
[White "von Zimmermann, Georg"]
[Black "Svanda, Ondrej"]
[Result "0-1"]
[WhiteElo "2094"]
[BlackElo "2312"]
[PlyCount "116"]
[EventDate "2021.08.06"]

1. d4 Nf6 2. Bf4 d5 3. e3 c5 4. Nd2 Nc6 5. c3 Bf5 6. Qb3 Qb6 7. dxc5 Qxb3 8.
Nxb3 e5 9. Bg3 a5 10. Nf3 Nd7 11. Bb5 f6 12. Rd1 a4 13. Nc1 Ra5 14. Be2 Rxc5
15. O-O Nb6 16. Nh4 Be6 17. f4 e4 18. f5 Bf7 19. Bf2 Bd6 20. g3 Ke7 21. Ng2 Be5
22. Ne1 Na5 23. Nc2 Nac4 24. b4 Rcc8 25. Nd4 Na3 26. Be1 Nbc4 27. Kf2 b5 28.
Bxc4 Rxc4 29. Nce2 Rb8 30. h3 g5 31. fxg6 hxg6 32. g4 Rcc8 33. Rh1 Nc4 34. Rc1
Nb2 35. Rc2 Nd3+ 36. Kg2 Be8 37. Bg3 Rc4 38. g5 Rbc8 39. a3 Bxd4 40. Nxd4 Rxc3
41. gxf6+ Kf7 42. Rxc3 Rxc3 43. Bd6 Rxa3 44. h4 Ra2+ 45. Kg3 Rf2 46. Be7 a3 47.
h5 gxh5 48. Rxh5 a2 49. Rh7+ Kg6 50. Rg7+ Kh6 51. Bf8 Rxf6 52. Ra7+ Rxf8 53.
Rxa2 Rg8+ 54. Kh4 Bd7 55. Ra7 Rg4+ 56. Kh3 Rg7+ 57. Kh2 Ne5 58. Ra6+ Kh7 0-1

[Event "Summer Prague Open 2021 - A"]
[Site "Olympik hotel, Sokolovska 138,"]
[Date "2021.08.08"]
[Round "3.17"]
[White "Wolf, Walter"]
[Black "Kusa, Jakub"]
[Result "0-1"]
[WhiteElo "2098"]
[BlackElo "2280"]
[PlyCount "110"]
[EventDate "2021.08.06"]

1. b3 Nf6 2. Bb2 g6 3. c4 Bg7 4. g3 O-O 5. Bg2 c6 6. e4 d6 7. d4 e5 8. dxe5 Ng4
9. Nc3 Nxe5 10. Qd2 Na6 11. f4 Ng4 12. h3 Nf6 13. O-O-O Be6 14. g4 Ne8 15. Nf3
Qa5 16. Nd4 Bd7 17. Kb1 Nc5 18. Nc2 Qb6 19. b4 Na6 20. Na4 Qc7 21. Bxg7 Kxg7
22. e5 d5 23. cxd5 cxd5 24. Nc3 Be6 25. Bxd5 Rc8 26. Bxe6 fxe6 27. Nb5 Qc4 28.
Nbd4 Nec7 29. a3 Nd5 30. Nxe6+ Kh8 31. Ncd4 Nc3+ 32. Ka1 Rfe8 33. Rc1 Qd5 34.
f5 gxf5 35. gxf5 Ne4 36. Qg2 Rxc1+ 37. Rxc1 Qxe5 38. Rg1 Nc7 39. Qb2 Nxe6 40.
Nxe6 Qxb2+ 41. Kxb2 Nd6 42. Nd4 Re4 43. Rd1 Kg8 44. Kc3 Kf7 45. a4 Kf6 46. Rd3
h5 47. Rg3 Rxd4 48. Kxd4 Nxf5+ 49. Kd5 Nxg3 50. Kd6 Ne4+ 51. Kc7 b6 52. Kb7 Nc3
53. a5 bxa5 54. bxa5 Nb5 55. Ka6 Nd4 0-1

[Event "Summer Prague Open 2021 - A"]
[Site "Olympik hotel, Sokolovska 138,"]
[Date "2021.08.08"]
[Round "3.18"]
[White "Jun, Rudolf"]
[Black "Neukirchner, Pascal"]
[Result "1/2-1/2"]
[WhiteElo "2090"]
[BlackElo "2266"]
[PlyCount "45"]
[EventDate "2021.08.06"]

1. e4 d6 2. d4 Nf6 3. Nc3 g6 4. Nf3 Bg7 5. Be2 O-O 6. O-O a6 7. a4 Nc6 8. h3 e5
9. dxe5 Nxe5 10. Nxe5 dxe5 11. Bg5 Be6 12. Qxd8 Raxd8 13. Rad1 h6 14. Bxf6 Bxf6
15. Bg4 Bxg4 16. hxg4 c6 17. Rxd8 Rxd8 18. Rd1 Rxd1+ 19. Nxd1 Kf8 20. Kf1 Ke7
21. Ke2 Kd6 22. Kd3 Kc5 23. Ne3 1/2-1/2

[Event "Summer Prague Open 2021 - A"]
[Site "Olympik hotel, Sokolovska 138,"]
[Date "2021.08.08"]
[Round "3.19"]
[White "Djidjeli, Sarah"]
[Black "Froeyman, Helmut"]
[Result "0-1"]
[WhiteElo "2062"]
[BlackElo "2260"]
[PlyCount "112"]
[EventDate "2021.08.06"]

1. e4 e5 2. Nf3 Nc6 3. Bb5 a6 4. Ba4 Nf6 5. O-O Be7 6. d3 d6 7. c4 O-O 8. h3 h6
9. Be3 Nd7 10. Nc3 Re8 11. Rc1 Nf8 12. d4 exd4 13. Nxd4 Bd7 14. Bxc6 bxc6 15.
Qa4 c5 16. Nc6 Qc8 17. Nxe7+ Rxe7 18. Qd1 Bc6 19. Qc2 Qb7 20. Nd5 Re6 21. b3
Rae8 22. f3 f5 23. Qf2 fxe4 24. fxe4 Bxd5 25. Qf7+ Kh7 26. cxd5 Rxe4 27. Bd2
R4e7 28. Qf5+ Kg8 29. Rc4 Qc8 30. Qh5 Qd7 31. Rcf4 Nh7 32. Qf3 Qd8 33. Qg3 Kh8
34. Rf7 Rxf7 35. Rxf7 Ng5 36. Bxg5 hxg5 37. Qd3 Rf8 38. Rxf8+ Qxf8 39. Qxa6 Qf5
40. Qc4 Qb1+ 41. Qf1 Qxa2 42. Qf8+ Kh7 43. Qf5+ Kh6 44. Qe6+ g6 45. Qf6 Qa8 46.
Kf2 Qe8 47. Kg3 Qe3+ 48. Kg4 Qe4+ 49. Kg3 Qh4+ 50. Kh2 Qf4+ 51. Qxf4 gxf4 52.
Kg1 Kg5 53. Kf2 Kh4 54. Kf3 g5 55. Ke4 Kg3 56. Kf5 Kxg2 0-1

[Event "Summer Prague Open 2021 - A"]
[Site "Olympik hotel, Sokolovska 138,"]
[Date "2021.08.08"]
[Round "3.20"]
[White "Stillger, Bernhard"]
[Black "Jirousek, Jan"]
[Result "1-0"]
[WhiteElo "2255"]
[BlackElo "2030"]
[PlyCount "43"]
[EventDate "2021.08.06"]

1. Nf3 d5 2. g3 Nf6 3. Bg2 e6 4. O-O Be7 5. c4 O-O 6. d4 dxc4 7. Qc2 b6 8. Bg5
Nd5 9. Bxe7 Qxe7 10. Rc1 Ba6 11. Nbd2 c5 12. Nxc4 Rc8 13. Nce5 f6 14. Nd3 Nd7
15. Qd2 f5 16. dxc5 Nxc5 17. Nxc5 Rxc5 18. Rxc5 Qxc5 19. Nd4 Kf7 20. Rc1 Qa5
21. b4 Qa4 22. Nxe6 1-0

[Event "Summer Prague Open 2021 - A"]
[Site "Olympik hotel, Sokolovska 138,"]
[Date "2021.08.08"]
[Round "3.21"]
[White "Frank, Adam"]
[Black "Plesek, Jiri"]
[Result "1/2-1/2"]
[WhiteElo "2210"]
[BlackElo "1996"]
[PlyCount "110"]
[EventDate "2021.08.06"]

1. e4 c6 2. d4 d5 3. Nd2 dxe4 4. Nxe4 Nf6 5. Nxf6+ exf6 6. c3 Bd6 7. Bd3 O-O 8.
Qc2 Re8+ 9. Ne2 h5 10. Be3 Nd7 11. O-O-O Nf8 12. Ng3 Qa5 13. b3 Bg4 14. Rde1
Ng6 15. h3 Be6 16. Kb1 Nf4 17. Be4 h4 18. Bxf4 Bxf4 19. Ne2 Bd6 20. g4 Bd5 21.
f3 Re7 22. Nc1 Rae8 23. Re2 Bg3 24. Rd1 b5 25. Bxd5 cxd5 26. Rxe7 Rxe7 27. Qf5
Qxc3 28. Qxd5 Rc7 29. Qe4 Bd6 30. Ne2 Qa5 31. Qd3 b4 32. Rc1 Rxc1+ 33. Nxc1 Qc7
34. Qc4 Qe7 35. Qc8+ Kh7 36. Qf5+ g6 37. Qe4 Qc7 38. Ne2 Kg7 39. f4 Qd7 40. Kc2
Qc8+ 41. Kb1 Qa6 42. f5 g5 43. Qf3 Qb6 44. Qd5 Qc7 45. Qe4 Qc8 46. d5 Qc5 47.
Qd4 Qc7 48. Nc1 Qe7 49. Kc2 Bf4 50. Qd3 Qc5+ 51. Qc4 Qe3 52. Nd3 Bd6 53. Qc6
Qe2+ 54. Kc1 Qxd3 55. Qxd6 Qc3+ 1/2-1/2

[Event "Summer Prague Open 2021 - A"]
[Site "Olympik hotel, Sokolovska 138,"]
[Date "2021.08.08"]
[Round "3.22"]
[White "Gnojek, Petr"]
[Black "Kastner, Jan"]
[Result "1-0"]
[WhiteElo "2205"]
[BlackElo "2013"]
[PlyCount "91"]
[EventDate "2021.08.06"]

1. d4 d5 2. c4 c6 3. Nc3 Nf6 4. Nf3 e6 5. Bg5 Be7 6. e3 Nbd7 7. Qc2 h6 8. Bh4
dxc4 9. Bxc4 Nb6 10. Be2 Bd7 11. O-O O-O 12. Rfd1 Rc8 13. Bxf6 Bxf6 14. Ne4 Qe7
15. Rac1 e5 16. Nxf6+ gxf6 17. Qe4 Kg7 18. Bd3 Rh8 19. dxe5 fxe5 20. Nxe5 Be6
21. Bb1 Rcg8 22. Nd3 Kf8 23. Nf4 Nd5 24. Qe5 Nxf4 25. Qb8+ Kg7 26. Qxf4 h5 27.
b4 a6 28. Rc5 Rd8 29. Rd4 Rd5 30. Rcxd5 cxd5 31. Rd2 Rc8 32. Rc2 Rc4 33. Qe5+
f6 34. Qg3+ Kf8 35. a3 a5 36. Qb8+ Kg7 37. bxa5 Qxa3 38. Qxb7+ Bf7 39. h3 Rxc2
40. Bxc2 Qc1+ 41. Kh2 Qxc2 42. a6 Qxf2 43. a7 d4 44. a8=Q dxe3 45. Qf3 Qd2 46.
Qae4 1-0

[Event "Summer Prague Open 2021 - A"]
[Site "Olympik hotel, Sokolovska 138,"]
[Date "2021.08.08"]
[Round "3.23"]
[White "Zdrazil, Tomas"]
[Black "Shehzad, Shazil"]
[Result "0-1"]
[WhiteElo "2051"]
[BlackElo "2196"]
[PlyCount "126"]
[EventDate "2021.08.06"]

1. e4 c5 2. Nf3 d6 3. d4 cxd4 4. Qxd4 Nc6 5. Bb5 Bd7 6. Bxc6 Bxc6 7. Nc3 Nf6 8.
Bg5 e6 9. Qd3 Be7 10. O-O-O O-O 11. Nd4 Qa5 12. h4 Rac8 13. Kb1 a6 14. f4 Qc7
15. f5 Bd7 16. g4 b5 17. Bxf6 Bxf6 18. g5 Be5 19. Nce2 Qc4 20. Qe3 exf5 21.
exf5 Bxf5 22. Qb3 Bg4 23. Qxc4 Rxc4 24. Rd2 Rfc8 25. b3 R4c5 26. Rg1 Bh5 27.
Nf5 Kf8 28. Rf1 Bg6 29. Ned4 Rc3 30. Rh1 Bxd4 31. Nxd4 Be4 32. Rhh2 Rg3 33. Kb2
b4 34. a3 a5 35. Nb5 d5 36. axb4 axb4 37. Rd4 Ke7 38. Rxb4 Rb8 39. Nd4 Rxb4 40.
Nc6+ Kd6 41. Nxb4 f5 42. gxf6 gxf6 43. Kc1 f5 44. Kd2 f4 45. h5 Kc5 46. Na6+
Kd4 47. Nc7 f3 48. c3+ Ke5 49. Rf2 Rg7 50. Nb5 Kf4 51. Nd4 Ra7 52. Ne2+ Kg4 53.
Nd4 Kg3 54. Ke3 Re7 55. Rf1 Bg6+ 56. Kd2 f2 57. hxg6 hxg6 58. Rb1 Kg2 59. Nc2
g5 60. Ne3+ Kf3 61. Nf5 Re2+ 62. Kd3 Re1 63. Nd4+ Kg4 0-1

[Event "Summer Prague Open 2021 - A"]
[Site "Olympik hotel, Sokolovska 138,"]
[Date "2021.08.08"]
[Round "3.24"]
[White "Syrkiewicz, Michal"]
[Black "Glavan, Slavenko"]
[Result "1/2-1/2"]
[WhiteElo "1975"]
[BlackElo "2182"]
[PlyCount "122"]
[EventDate "2021.08.06"]

1. e4 Nf6 2. e5 Nd5 3. c4 Nb6 4. d4 d6 5. exd6 exd6 6. Nc3 Be7 7. Be3 O-O 8.
Nf3 Bg4 9. h3 Bh5 10. g4 Bg6 11. h4 f6 12. h5 Bf7 13. b3 Re8 14. Bd3 Nc6 15.
Bb1 Nd7 16. Nh4 Nf8 17. a3 d5 18. Qd3 dxc4 19. bxc4 Na5 20. d5 Bc5 21. Ne4 Bxe3
22. fxe3 c6 23. h6 cxd5 24. hxg7 Ng6 25. cxd5 Qb6 26. O-O Rxe4 27. Qxe4 Re8 28.
Qf5 Qxe3+ 29. Kh2 Qh6 30. Qxf6 Qxh4+ 31. Qxh4 Nxh4 32. Bxh7+ Kxg7 33. Rac1 Bxd5
34. Rc7+ Kh6 35. Kg3 Ng6 36. Rf5 Re3+ 37. Kf2 Re7 38. Rh5+ Kg7 39. Bxg6 Rxc7
40. Rxd5 Kxg6 41. Rxa5 b6 42. Re5 Rc4 43. Kf3 Ra4 44. Re3 Rc4 45. Kg3 b5 46.
Kh4 Ra4 47. Re6+ Kf7 48. Re5 a6 49. Re3 Kg6 50. Re6+ Kf7 51. Re3 Kg6 52. Rc3
Rc4 53. Rd3 Ra4 54. Re3 a5 55. Re5 Rxa3 56. Rxb5 Ra1 57. Rb6+ Kf7 58. Ra6 a4
59. Kg5 a3 60. Ra7+ Ke6 61. Kg6 Kd5 1/2-1/2

[Event "Summer Prague Open 2021 - B"]
[Site "Olympik hotel, Sokolovska 138,"]
[Date "2021.08.08"]
[Round "3.1"]
[White "Jaeger, Andre"]
[Black "Belov, Alexander"]
[Result "1/2-1/2"]
[WhiteElo "1883"]
[BlackElo "1853"]
[PlyCount "112"]
[EventDate "2021.08.06"]

1. d4 g6 2. c4 Bg7 3. Nf3 d6 4. g3 Nc6 5. Bg2 e5 6. dxe5 Nxe5 7. Nxe5 Bxe5 8.
O-O Ne7 9. Nc3 O-O 10. f4 Bg7 11. e4 Nc6 12. Be3 Re8 13. Qd2 f5 14. Rfe1 Kh8
15. Rad1 fxe4 16. Nxe4 Bg4 17. Rc1 Qd7 18. Nf2 Bf5 19. b4 a6 20. Rcd1 Re7 21.
h3 h5 22. a3 Rae8 23. Kh2 Kh7 24. Bf3 Qd8 25. g4 hxg4 26. hxg4 Bd4 27. gxf5
Bxe3 28. fxg6+ Kg7 29. Qb2+ Kxg6 30. Rg1+ Kh7 31. Rg4 Rf7 32. Be4+ Rxe4 33.
Nxe4 Bxf4+ 34. Kg2 Bh6 35. Rh1 Qd7 36. Ng5+ Kg8 37. Ne6+ Bg7 38. Rxg7+ Rxg7+
39. Qxg7+ Qxg7+ 40. Nxg7 Kxg7 41. Rh4 a5 42. b5 Ne5 43. Rf4 b6 44. Kf1 Nd3 45.
Rd4 Ne5 46. Ke2 Kf6 47. Ke3 Ke6 48. Rh4 Kd7 49. Rh7+ Kc8 50. Kd4 Kb7 51. Kd5
Nd3 52. Ke6 Ne5 53. Rh4 Nf3 54. Rf4 Ne5 55. Re4 Nd3 56. Rh4 Ne5 1/2-1/2

[Event "Summer Prague Open 2021 - B"]
[Site "Olympik hotel, Sokolovska 138,"]
[Date "2021.08.08"]
[Round "3.2"]
[White "Svetly, Jiri"]
[Black "Bednar, Jiri"]
[Result "1-0"]
[WhiteElo "1852"]
[BlackElo "1881"]
[Annotator "Stanice"]
[PlyCount "37"]
[EventDate "2021.08.06"]

1. d4 Nf6 2. c4 g6 3. Nc3 Bg7 4. e4 d6 5. Bg5 h6 6. Bh4 O-O 7. Bd3 Nc6 8. Nf3
Bg4 9. Be2 Nd7 10. d5 Bxf3 11. gxf3 Nd4 12. f4 Nxe2 $11 13. Qxe2 c6 14. O-O Re8
15. f5 Nf6 16. fxg6 fxg6 17. f4 e6 18. dxc6 bxc6 19. e5 1-0

[Event "Summer Prague Open 2021 - B"]
[Site "Olympik hotel, Sokolovska 138,"]
[Date "2021.08.08"]
[Round "3.3"]
[White "Guggenheim, Hans"]
[Black "Klimek, Petr"]
[Result "1-0"]
[WhiteElo "1866"]
[BlackElo "1826"]
[Annotator "Stanice"]
[PlyCount "97"]
[EventDate "2021.08.06"]

1. d4 Nf6 2. c4 e5 3. dxe5 Ng4 4. Nf3 Bc5 5. e3 Nc6 6. Be2 Ngxe5 7. Nbd2 O-O
$11 8. O-O a5 9. Nxe5 Nxe5 10. Ne4 Be7 11. Bd2 d5 12. cxd5 Qxd5 13. Ng3 Be6 14.
Bc3 Qxd1 15. Rfxd1 f6 16. Rdc1 c6 17. Bd4 Rfc8 18. Bxe5 fxe5 19. Bc4 Kf7 20.
Bxe6+ Kxe6 21. Ne4 c5 22. Rc2 Ra6 23. Kf1 b5 24. a4 b4 25. b3 Rac6 26. Rc4 Rd8
27. Ke2 h6 28. Rac1 Rd5 29. R1c2 g5 30. Rd2 Rxd2+ 31. Nxd2 Rd6 32. Re4 Rd5 33.
Nc4 Bd8 34. f4 Kf5 35. Rxe5+ Rxe5 36. fxe5 Ke4 37. Nd6+ Kd5 38. e4+ Ke6 39. Nc4
h5 40. Kf3 Bc7 41. h4 Bxe5 42. hxg5 Bc7 43. g3 Bd8 44. Kf4 Bc7+ 45. e5 Bd8 46.
g6 h4 47. gxh4 Bxh4 48. Nd6 Be7 49. g7 1-0

[Event "Summer Prague Open 2021 - B"]
[Site "Olympik hotel, Sokolovska 138,"]
[Date "2021.08.08"]
[Round "3.4"]
[White "Hrebicek, Petr"]
[Black "Westendorp, Christian"]
[Result "1-0"]
[WhiteElo "1806"]
[BlackElo "1859"]
[PlyCount "49"]
[EventDate "2021.08.06"]

1. e4 c5 2. Nc3 g6 3. f4 Bg7 4. Nf3 a6 5. a4 Nc6 6. Bc4 e6 7. O-O Nge7 8. Qe1
O-O 9. e5 d5 10. exd6 Qxd6 11. d3 Nd4 12. Ne4 Qc7 13. Nxd4 cxd4 14. g4 b6 15.
Qh4 Bb7 16. Bb3 Rae8 17. Rf3 Qc6 18. Rh3 h6 19. f5 g5 20. Bxg5 Nxf5 21. gxf5
exf5 22. Bxh6 fxe4 23. Bxg7 Kxg7 24. Rf1 Rh8 25. Rxf7+ 1-0

[Event "Summer Prague Open 2021 - B"]
[Site "Olympik hotel, Sokolovska 138,"]
[Date "2021.08.08"]
[Round "3.5"]
[White "Al-Dhabbi, Fares"]
[Black "Vorsilka, Jiri"]
[Result "1-0"]
[WhiteElo "1918"]
[BlackElo "1546"]
[PlyCount "69"]
[EventDate "2021.08.06"]

1. d4 Nf6 2. c4 e6 3. Nc3 d5 4. e3 Be7 5. Nf3 O-O 6. Bd3 dxc4 7. Bxc4 Nbd7 8.
a3 b6 9. O-O Bb7 10. Re1 c5 11. e4 cxd4 12. Nxd4 e5 13. Nf5 Nc5 14. Qf3 Bxe4
15. Nxe4 Ncxe4 16. Rxe4 Nxe4 17. Nxe7+ Qxe7 18. Qxe4 Qd7 19. Bd3 f5 20. Bc4+
Kh8 21. Qe2 e4 22. Bg5 Qd4 23. Rd1 Qe5 24. Rd5 Qc7 25. g3 h6 26. Bf4 Qc6 27.
Rd6 Qe8 28. Qd2 Qh5 29. Bxh6 Rf6 30. Qd5 Rxd6 31. Qxa8+ Kh7 32. Qg8+ Kxh6 33.
Qh8+ Kg5 34. h4+ Kg4 35. Be2+ 1-0

[Event "Summer Prague Open 2021 - B"]
[Site "Olympik hotel, Sokolovska 138,"]
[Date "2021.08.08"]
[Round "3.6"]
[White "Karlsson, Henrik 1974"]
[Black "Korenek, Frantisek"]
[Result "0-1"]
[WhiteElo "1648"]
[BlackElo "1896"]
[Annotator "Stanice"]
[PlyCount "86"]
[EventDate "2021.08.06"]

1. e4 c5 2. Nc3 Nc6 3. f4 g6 4. Bc4 Bg7 5. Nf3 e6 6. O-O Nge7 7. d3 d5 8. Bb3
O-O 9. Qe1 a6 10. a3 b5 11. Qh4 c4 12. Ba2 Bb7 13. f5 exf5 14. Bh6 dxe4 15. Ng5
Qd4+ 16. Kh1 Bxh6 17. Qxh6 Qg7 18. Qxg7+ Kxg7 19. dxe4 h6 20. exf5 Nxf5 21. Nf3
Ncd4 22. Nxd4 Nxd4 23. Rf2 Rae8 24. Kg1 Re7 25. Rd1 Nf5 26. Bb1 Rfe8 27. g3
Re1+ 28. Rxe1 Rxe1+ 29. Rf1 $11 Rxf1+ 30. Kxf1 Kf6 31. Kf2 Ke5 32. Ne2 Be4 33.
Nc3 Nd6 34. Ke3 f5 35. Ne2 g5 36. Nc3 f4+ 37. Kf2 Bb7 38. g4 Ne4+ 39. Nxe4 Bxe4
40. h3 a5 41. Ke2 b4 42. axb4 axb4 43. Ba2 Kd4 0-1

[Event "Summer Prague Open 2021 - B"]
[Site "Olympik hotel, Sokolovska 138,"]
[Date "2021.08.08"]
[Round "3.7"]
[White "Dreher, David"]
[Black "Kubik, Jaroslav"]
[Result "1-0"]
[WhiteElo "1888"]
[BlackElo "1645"]
[PlyCount "63"]
[EventDate "2021.08.06"]

1. d4 Nf6 2. Bf4 d6 3. Nc3 g6 4. e4 Bg7 5. Qd2 c6 6. Bh6 O-O 7. Bxg7 Kxg7 8.
Nf3 Qa5 9. Be2 Nbd7 10. h4 h5 11. Ng5 b5 12. f4 b4 13. Nd1 e5 14. f5 exd4 15.
fxg6 Ne5 16. gxf7 c5 17. O-O Qd8 18. Nf2 Nxf7 19. Nfh3 Bxh3 20. gxh3 Qe7 21.
Bd3 Qe5 22. Qg2 Kh8 23. Rf5 Qe7 24. Raf1 Nh6 25. Rxf6 Rxf6 26. Rxf6 Qxf6 27. e5
Qf8 28. Qb7 Qg8 29. Bc4 Rb8 30. Qxa7 Ra8 31. Qb7 Qxc4 32. Qh7# 1-0

[Event "Summer Prague Open 2021 - B"]
[Site "Olympik hotel, Sokolovska 138,"]
[Date "2021.08.08"]
[Round "3.8"]
[White "Malijevsky, Anatol"]
[Black "Marinc, Damir"]
[Result "0-1"]
[WhiteElo "1630"]
[BlackElo "1887"]
[PlyCount "78"]
[EventDate "2021.08.06"]

1. e4 e5 2. Nf3 Qe7 3. Bc4 h6 4. d3 d6 5. Be3 Nf6 6. Nbd2 c6 7. O-O a5 8. a4 g6
9. c3 Bg7 10. Re1 Ng4 11. Nf1 Nxe3 12. Nxe3 O-O 13. Qb3 Nd7 14. Rad1 Nc5 15.
Qc2 Kh8 16. b4 axb4 17. cxb4 Nxa4 18. Ra1 Nb6 19. Rxa8 Nxa8 20. Ra1 Nc7 21. Ra7
f5 22. Qa2 f4 23. Nf1 g5 24. Kh1 g4 25. Ng1 Bf6 26. Qd2 Qg7 27. Qa2 Bh4 28. Qb2
g3 29. f3 gxh2 30. Nxh2 Bg3 31. Ra5 Bxh2 32. Kxh2 Qg3+ 33. Kh1 Qh4+ 34. Nh3
Bxh3 35. gxh3 Qe1+ 36. Kh2 Qg3+ 37. Kh1 Qxf3+ 38. Qg2 Qxg2+ 39. Kxg2 Ra8 0-1

[Event "Summer Prague Open 2021 - B"]
[Site "Olympik hotel, Sokolovska 138,"]
[Date "2021.08.08"]
[Round "3.9"]
[White "Mihal, Sergej"]
[Black "Froeyman, Hugo"]
[Result "0-1"]
[WhiteElo "1877"]
[BlackElo "1614"]
[PlyCount "147"]
[EventDate "2021.08.06"]

1. e4 c6 2. d4 d5 3. exd5 cxd5 4. Bd3 Nc6 5. c3 Nf6 6. Ne2 e6 7. O-O Bd6 8. Bf4
O-O 9. Nd2 b6 10. Nf3 Bb7 11. Qd2 Bxf4 12. Qxf4 Rc8 13. Ng3 Ne7 14. Rfe1 Ng6
15. Bxg6 hxg6 16. Ne5 Nh7 17. Qd2 Qg5 18. f4 Qh4 19. Nf3 Qd8 20. Re5 Nf6 21.
Ree1 Ne8 22. Ng5 Nf6 23. h3 Nh7 24. h4 Nf6 25. Qc2 Nh7 26. Nf3 Rc6 27. Ng5 Bc8
28. Qd3 f5 29. Nf3 Rd6 30. Kf2 Nf6 31. Ne5 Qe8 32. Rh1 Nh5 33. Qf3 Rf6 34. Rh3
Rd8 35. Rah1 Kh7 36. Qe2 Nxf4 37. h5 g5 38. Qd2 Nxh3+ 39. Rxh3 g4 40. Rh4 Rh6
41. Qg5 Qf8 42. Nf7 Qxf7 43. Qxd8 Qf6 44. Qxf6 gxf6 45. Ne2 e5 46. g3 Bd7 47.
Ke3 Be8 48. Rh1 Rxh5 49. Rd1 Bf7 50. a4 Kg7 51. b4 Rh3 52. Kf2 f4 53. dxe5 fxe5
54. gxf4 Rf3+ 55. Kg2 exf4 56. Rd4 Kf6 57. Nxf4 Rxc3 58. Nxd5+ Ke5 59. Nxc3
Kxd4 60. Nb5+ Kc4 61. Nxa7 Kxb4 62. Nc8 Ka5 63. Nd6 Be6 64. Nb5 Kxa4 65. Nd4
Bc8 66. Kf2 Kb4 67. Ke3 Kc4 68. Ne2 b5 69. Kd2 Kb4 70. Kc2 Ka3 71. Kb1 b4 72.
Ng3 b3 73. Ka1 Ba6 74. Ne2 0-1

[Event "Summer Prague Open 2021 - B"]
[Site "Olympik hotel, Sokolovska 138,"]
[Date "2021.08.08"]
[Round "3.10"]
[White "Zimmer, Christian"]
[Black "Kanos, Jozef"]
[Result "1-0"]
[WhiteElo "1486"]
[BlackElo "1873"]
[Annotator "Stanice"]
[PlyCount "121"]
[EventDate "2021.08.06"]

1. e4 e5 2. Bc4 Nc6 3. Nf3 Be7 4. c3 Nf6 5. d3 O-O 6. O-O d5 7. exd5 Nxd5 8.
Re1 Bf6 9. h3 a6 10. a4 Re8 11. Nbd2 Nb6 12. Re3 Bf5 13. Qc2 Nxc4 14. Nxc4 Qd5
15. b3 Rad8 16. Nb2 e4 17. dxe4 Bxe4 18. Qe2 Re7 19. c4 Bxf3 20. Qxf3 Qxf3 21.
gxf3 Rde8 22. Rb1 Nd4 23. Nd3 Ne2+ 24. Kg2 Nxc1 25. Rxe7 Rxe7 26. Rxc1 Bd4 27.
Re1 Kf8 28. Rxe7 Kxe7 29. Kg3 f5 30. Kh4 c6 31. Kg5 Ke6 32. h4 a5 33. f4 b6 34.
f3 Bf6+ 35. Kh5 c5 36. Ne1 Bc3 37. Nd3 Kf6 38. Nc1 Bd2 39. Nd3 Kf7 40. Ne5+ Ke6
41. Kg5 h6+ 42. Kg6 Bxf4 43. Nd3 Be5 44. Nxe5 Kxe5 45. Kxg7 Kf4 46. Kxh6 Kg3
47. Kg5 f4 48. h5 Kxf3 49. h6 Ke3 50. h7 f3 51. h8=Q f2 52. Qe5+ Kf3 53. Qf4+
Ke2 $11 54. Kf5 f1=Q 55. Qxf1+ Kxf1 56. Ke6 Ke2 57. Kd6 Kd3 58. Kc6 Kc3 59.
Kxb6 Kxb3 60. Kb5 Kc3 61. Kxc5 1-0

[Event "Summer Prague Open 2021 - A"]
[Site "?"]
[Date "2021.08.08"]
[Round "4.1"]
[White "Nemec, Pavel"]
[Black "Kulhanek, Tomas"]
[Result "1/2-1/2"]
[WhiteElo "2213"]
[BlackElo "2314"]
[PlyCount "26"]
[EventDate "2021.??.??"]
[WhiteClock "1:21:59"]
[BlackClock "1:24:10"]

1. e4 e6 2. d4 d5 3. Nc3 Bb4 4. e5 Ne7 5. a3 Bxc3+ 6. bxc3 c5 7. a4 Qa5 8. Qd2
Nbc6 9. Nf3 Bd7 10. Bd3 f6 11. O-O fxe5 12. Nxe5 Nxe5 13. dxe5 O-O-O 1/2-1/2